Every Team to ever play in the NCAA Division I Men's Basketball Tournament - Statistics

General Stats
  • This quiz has been taken 1,185 times
  • The average score is 159 of 321
Answer Stats
# of Bids Top Finish Team % Correct
49 Champions North Carolina
93%
42 Champions Duke
92%
47 Champions UCLA
92%
57 Champions Kentucky
91%
47 Champions Kansas
90%
34 Final Four Texas
89%
19 Champions Florida
88%
24 Champions Michigan
87%
13 Elite Eight Ohio
86%
20 Elite Eight Alabama
85%
10 Final Four Georgia
85%
39 Champions Indiana
85%
32 Champions Michigan State
85%
28 Champions Ohio State
85%
11 Sweet Sixteen George Washington
84%
16 Finals Florida State
83%
16 Champions Oregon
83%
22 Final Four Virginia
83%
16 Final Four Washington
83%
33 Champions Arizona
82%
18 Champions California
82%
32 Champions Connecticut
81%
10 Sweet Sixteen Miami
81%
17 Sweet Sixteen Miami (OH)
81%
24 Final Four Pennsylvania
81%
17 Final Four USC
81%
30 Finals Illinois
80%
25 Finals Iowa
80%
21 Final Four LSU
80%
31 Finals Oklahoma
80%
30 Finals Kansas State
79%
9 Final Four South Carolina
79%
21 Elite Eight Tennessee
79%
15 Elite Eight Texas Tech
79%
14 Elite Eight Arizona State
78%
5 Elite Eight Harvard
78%
23 Champions Wisconsin
78%
19 Final Four Iowa State
77%
26 Champions Maryland
77%
9 Elite Eight Minnesota
77%
8 Sweet Sixteen Mississippi
77%
14 Elite Eight Oregon State
77%
2 First Round Sam Houston
77%
14 Sweet Sixteen Texas A&M
77%
29 Champions Utah
77%
1 First Round UT Arlington
77%
6 Finals Washington State
77%
32 Champions Arkansas
76%
14 Final Four Colorado
76%
16 Finals Georgia Tech
76%
20 Finals Houston
76%
7 First Round Nebraska
76%
28 Champions Oklahoma State
76%
29 Finals Purdue
76%
21 Finals Gonzaga
75%
9 Final Four Penn State
75%
10 Elite Eight Virginia Tech
75%
4 Elite Eight Yale
75%
26 Elite Eight Missouri
74%
4 Second Round San Diego
74%
35 Champions Syracuse
74%
38 Champions Louisville
73%
15 Sweet Sixteen New Mexico
73%
37 Champions Villanova
73%
10 Elite Eight Colorado State
72%
4 Sweet Sixteen Idaho
72%
10 Final Four Mississippi State
72%
11 Sweet Sixteen Montana
72%
20 Elite Eight Utah State
72%
29 Elite Eight BYU
71%
25 Champions NC State
71%
8 Sweet Sixteen Nevada
71%
36 Final Four Notre Dame
71%
17 Champions Stanford
71%
20 Champions UNLV
71%
29 Finals West Virginia
71%
9 Elite Eight Auburn
70%
30 Champions Georgetown
70%
4 Finals Indiana State
70%
11 Finals Baylor
69%
18 Elite Eight Boston College
69%
32 Champions Cincinnati
69%
21 Final Four New Mexico State
69%
1 First Round North Dakota
69%
26 Final Four Pittsburgh
69%
17 Champions UTEP
69%
8 Elite Eight Massachusetts
68%
1 Second Round Northwestern
68%
25 Final Four Princeton
68%
15 Champions Wyoming
68%
11 Elite Eight Clemson
67%
6 Second Round Vermont
67%
6 Final Four Rutgers
66%
5 First Round South Dakota State
66%
9 Second Round Southern
66%
7 First Round Boise State
65%
2 Elite Eight Brown
65%
8 Elite Eight TCU
65%
20 Finals Memphis
64%
12 Sweet Sixteen San Diego State
64%
23 Final Four Wake Forest
64%
3 Second Round North Dakota State
63%
16 Champions San Francisco
63%
4 First Round UCF
63%
4 Second Round Georgia State
62%
5 Second Round Hawaii
62%
32 Champions Marquette
62%
3 Sweet Sixteen Montana State
62%
15 Elite Eight Vanderbilt
62%
4 First Round Air Force
61%
3 Second Round Buffalo
61%
11 Elite Eight Navy
61%
32 Final Four Temple
61%
16 Elite Eight Tulsa
61%
3 Elite Eight Columbia
60%
21 Elite Eight Creighton
60%
7 Finals Dartmouth
60%
11 Elite Eight Idaho State
60%
10 Elite Eight Rhode Island
60%
15 Final Four Wichita State
60%
4 Sweet Sixteen Eastern Michigan
59%
2 First Round Portland
59%
28 Finals St. John's
59%
3 Second Round Tulane
59%
3 Second Round USF
59%
28 Elite Eight Xavier
59%
4 First Round Akron
58%
1 First Round Arkansas State
58%
5 Sweet Sixteen Cornell
58%
20 Final Four Providence
58%
4 Sweet Sixteen Western Michigan
58%
16 Finals Butler
57%
5 Finals Jacksonville
57%
18 Finals Dayton
56%
4 Sweet Sixteen Toledo
56%
4 Sweet Sixteen Central Michigan
55%
5 First Round Delaware
55%
1 First Round Florida Atlantic
55%
22 Elite Eight Western Kentucky
55%
6 Champions Loyola Chicago
54%
4 Second Round UTSA
54%
4 First Round Alabama State
53%
6 Second Round Illinois State
53%
12 Final Four SMU
53%
9 Elite Eight St. Louis
53%
2 First Round Texas State
53%
6 Sweet Sixten Missouri State
51%
3 First Round Northern Illinois
51%
9 Elite Eight St. Mary's
51%
6 Sweet Sixteen Detroit
50%
4 Elite Eight Rice
50%
15 Elite Eight UAB
50%
16 Final Four VCU
50%
6 Final Four George Mason
49%
3 First Round North Texas
49%
2 Second Round UMBC
49%
18 Final Four DePaul
48%
6 Second Round Louisiana-Lafayette
48%
5 Second Round Marshall
48%
9 Sweet Sixteen Richmond
48%
3 Sweet Sixteen San Jose State
48%
11 Finals Seattle
48%
12 Finals Seton Hall
48%
2 Sweet Sixteen Cleveland State
47%
4 Final Four Drake
47%
10 Sweet Sixteen Southern Illinois
47%
5 Second Round Albany
46%
7 Elite Eight Boston University
46%
4 Sweet Sixteen Bowling Green
46%
11 Final Four Charlotte
46%
5 Sweet Sixteen Louisiana Tech
46%
2 First Round Portland State
45%
5 Second Round Stephen F. Austin
45%
2 First Round Tennessee State
45%
7 Sweet Sixteen Ball State
44%
6 Elite Eight Kent State
44%
1 First Round UC Irvine
44%
5 Second Round UC Santa Barbara
44%
5 Second Round WI-Green Bay
44%
5 Second Round Charleston
43%
3 Sweet Sixteen Florida Gulf Coast
43%
4 Sweet Sixteen WI-Milwaukee
43%
14 Sweet Sixteen Davidson
42%
2 First Round East Carolina
42%
3 First Round Georgia Southern
42%
8 Sweet Sixteen Northern Iowa
42%
3 Second Round Oakland
42%
5 First Round South Carolina State
42%
3 First Round Southern Miss
42%
20 Elite Eight St. Joseph's
42%
1 Second Round UC Davis
42%
3 First Round UNC Greensboro
42%
8 First Round Eastern Kentucky
41%
3 First Round Liberty
41%
5 Elite Eight Oral Roberts
41%
3 First Round Jackson State
40%
4 Elite Eight Loyola Marymount
40%
9 Second Round Middle Tennessee
40%
2 First Round Northern Arizona
40%
6 Finals NYU
40%
13 Sweet Sixteen Pepperdine
40%
13 Champions Holy Cross
39%
5 Second Round James Madison
39%
3 First Round St. Peter's
39%
4 First Round Coastal Carolina
38%
1 First Round Jacksonville State
38%
4 Sweet Sixteen Lafayette
38%
7 First Round Louisiana-Monroe
38%
5 Second Round New Orleans
38%
6 Second Round UNC Wilmington
38%
8 Second Round South Alabama
37%
2 First Round Troy
37%
3 First Round American
36%
2 First Round Appalachian State
36%
2 First Round Colgate
36%
1 First Round Delaware State
36%
4 Second Round Drexel
36%
2 First Round Eastern Illinois
36%
1 First Round Florida International
36%
8 Second Round Northeastern
36%
11 Final Four Santa Clara
36%
8 Finals Bradley
35%
2 First Round Eastern Washington
35%
2 First Round Howard
35%
12 Champions La Salle
35%
5 Second Round Lehigh
35%
4 Second Round UNC Asheville
35%
1 First Round Alabama A&M
34%
5 Second Round AR-Little Rock
34%
11 Sweet Sixteen Chattanooga
34%
12 First Round Iona
34%
16 Second Round Murray State
34%
1 First Round Northern Kentucky
34%
7 Final Four St. Bonaventure
34%
8 Second Round Bucknell
33%
1 First Round IUPUI
33%
12 Second Round Old Dominion
33%
2 First Round Tennessee Tech
33%
3 Elite Eight VMI
33%
16 Sweet Sixteen Weber State
33%
5 Final Four Duquesne
32%
1 Second Round Norfolk State
32%
3 Second Round Florida A&M
31%
4 Sweet Sixteen Fordham
31%
8 Sweet Sixteen Manhattan
31%
8 Second Round Texas Southern
31%
3 Elite Eight CSU Fullerton
30%
1 First Round Northern Colorado
30%
1 First Round North Florida
30%
6 Sweet Sixteen Furman
29%
3 Second Round Mercer
29%
9 Elite Eight Pacific
29%
1 First Round Western Carolina
29%
1 First Round Binghamton
28%
1 Second Round Cal Poly
28%
5 Second Round Evansville
28%
6 Sweet Sixteen Long Beach State
28%
9 Sweet Sixteen Valparaiso
28%
6 Second Round Alcorn State
27%
7 First Round Belmont
27%
8 Sweet Sixteen Morehead State
27%
3 First Round UIC
27%
3 First Round Wright State
27%
6 Second Round Hampton
26%
10 Second Round North Carolina A&T
26%
1 First Round Southern Utah
26%
1 First Round TAMU Corpus Christi
26%
4 First Round Wofford
26%
2 Champions CCNY
25%
3 First Round Central Conn. State
25%
1 First Round CSU Bakersfield
25%
4 First Round Hofstra
25%
1 First Round Stony Brook
25%
3 First Round Fairfield
24%
4 Second Round Monmouth
24%
5 Second Round Mount St. Mary's
24%
3 Sweet Sixteen Niagara
24%
1 First Round SE Missouri State
24%
6 Second Round Siena
24%
1 First Round St. Francis (PA)
24%
2 First Round Towson
24%
10 Sweet Sixteen East Tennessee State
23%
5 First Round Fairleigh-Dickinson
23%
2 First Round Marist
23%
5 First Round Mississippi Valley St
23%
3 Second Round Radford
23%
3 First Round Rider
23%
8 Second Round Robert Morris
23%
2 First Round Samford
23%
1 First Round Charleston Southern
22%
2 First Round CSU Northridge
22%
6 Sweet Sixteen Lamar
22%
1 First Round Lipscomb
22%
2 First Round Loyola Maryland
22%
3 First Round NC Central
22%
10 Second Round Winthrop
22%
1 First Round Campbell
21%
4 Second Round Coppin State
21%
3 Second Round Northwestern State
21%
2 First Round McNeese State
20%
2 First Round Morgan State
20%
4 Elite Eight Canisius
19%
1 First Round Wagner
19%
6 Second Round Austin Peay
18%
1 First Round Houston Baptist
16%
2 First Round Nicholls State
16%
1 First Round Prairie View A&M
15%
1 First Round SE Louisiana
13%
1 First Round CSU Los Angeles
8%
7 First Round LIU Brooklyn
8%
1 Elite Eight Springfield
8%
11 Sweet Sixteen Oklahoma City
7%
1 Elite Eight Tufts
7%
1 Elite Eight Catholic
6%
1 Sweet Sixteen Wayne State
6%
1 First Round Williams
6%
3 First Round Loyola New Orleans
5%
1 First Round Trinity
5%
2 First Round Hardin-Simmons
4%
1 Sweet Sixteen Lebanon Valley
3%
1 First Round West Texas A&M
3%
No matching quizzes found
Score Distribution
Percent of People with Each Score
Percentile by Number Answered
Your Score History
You have not taken this quiz